BioCycle

"Journal of composting & recycling."

Detalles Bibliográficos
Nuevo Título:BioCycle connect
Título anterior:Compost science/land utilization
Formato: Electrónico Revista
Lenguaje:inglés
Publicado: [Emmaus, PA] : [JG Press], [©1981]-
Materias:
Acceso en línea:Full text available from Research Library: 01/01/1992 to present

MARC

LEADER 00000nas a2200000 a 4500
001 ssj0004405
003 WaSeSS
005 20200512172242.0
006 m d
007 cr n
008 810310d19812019paumn p s 0 a0eng c
010 |a  81641655   |z sn 81004391  
016 7 |a 9880631  |2 DNLM 
016 7 |a SR0050149  |2 DNLM 
016 7 |a 011101164  |2 Uk 
022 |l 0276-5055  |y 0276-5055 
030 |a BCYCDK 
032 |a 427430  |b USPS 
035 |a (WaSeSS)ssj0004405 
040 |a AED  |b eng  |c AED  |d NSD  |d DLC  |d NSD  |d NST  |d DLC  |d OCL  |d NST  |d DLC  |d NST  |d SER  |d NST  |d NSD  |d AIP  |d NST  |d AIP  |d NST  |d AIP  |d NSD  |d NST  |d NSD  |d NST  |d OCL  |d NSD  |d OCL  |d NST  |d BSS  |d MXC  |d SYS  |d NLM  |d OCLCQ  |d IUL  |d NLGGC  |d LVB  |d OCLCQ  |d UKMGB  |d OCLCQ  |d OCLCF  |d COD  |d OCLCQ  |d I8M  |d OCLCO  |d OCLCQ  |d OCLCA  |d GILDS  |d OCLCO  |d CPO  |d OCLCQ  |d OCLCA  |d QE2  |d OCLCQ  |d CUS  |d WaSeSS 
042 |a pcc  |a nsdp 
050 0 0 |a S661  |b .C6 
082 0 4 |a 628.4/458 
210 0 |a Biocycle 
222 0 |a Biocycle 
245 0 0 |a BioCycle  |h [electronic resource]. 
260 |a [Emmaus, PA] :  |b [JG Press],  |c [©1981]- 
310 |a Monthly (11 issues),  |b 2014- 
321 |a Bimonthly,  |b <Jan./Feb. 1981-> 
321 |a 8 no. a year,  |b <Apr. 1985-> 
321 |a Monthly (combined issues May-June and Nov.-Dec.),  |b <May-June 1988-> 
321 |a Monthly,  |b <Jan. 1989>-2013 
362 0 |a [Vol. 22, no. 1] (Jan./Feb. 1981)- 
362 1 |a Ceased with vol. 60, no. 8 (Nov./Dec. 2019). 
500 |a Title from cover. 
506 |a License restrictions may limit access. 
520 |a "Journal of composting & recycling." 
588 |a Latest issue consulted: Vol. 60, no. 8 (Nov./Dec. 2019) (online surrogate) (EBSCO website, viewed Mar. 5, 2020). 
650 0 |a Organic wastes  |x Recycling  |v Periodicals. 
650 0 |a Compost  |v Periodicals. 
650 2 |a Conservation of Natural Resources. 
650 2 |a Ecology. 
650 6 |a Compost  |v Périodiques. 
650 6 |a Recyclage (Déchets, etc.)  |v Périodiques. 
650 7 |a Compost.  |2 fast  |0 (OCoLC)fst00871782 
650 7 |a Organic wastes  |x Recycling.  |2 fast  |0 (OCoLC)fst01047748 
650 1 7 |a Recycling.  |2 gtt 
650 1 7 |a Afvalstoffen.  |2 gtt 
655 0 |a Electronic journals. 
780 0 0 |t Compost science/land utilization  |x 0160-7413  |w (DLC) 79642560  |w (OCoLC)3744449 
785 0 0 |t BioCycle connect  |w (OCoLC)1143320068 
850 |a AAP  |a AU  |a AzU  |a CLSU  |a CLU-P  |a CSt  |a CU-A  |a CU-RivA  |a CU-SB  |a CaAEU  |a CaBVaU  |a CaOLU  |a CaOWA  |a CaOWtU  |a CaSSU  |a CoFS  |a CoU  |a CtNlC  |a CtU  |a CtY  |a DLC  |a DeU  |a FU  |a ICarbS  |a IU  |a IU-M  |a IaAS  |a InLP  |a KMK  |a KyU-ASC  |a LU  |a MB  |a MCM  |a MMeT  |a MU  |a MWiW  |a MdU  |a MiD  |a MiEM  |a MnSU  |a MoKL  |a MoU  |a MsSM  |a N  |a NN  |a NNC  |a NNE  |a NcD  |a NcRS  |a NhU  |a NjP  |a NjR  |a NmU  |a OU  |a P  |a PPi  |a PSt  |a TU  |a TxCM  |a TxLT  |a TxU  |a ULA  |a ViBlbV  |a ViU  |a VtU  |a WU-A  |a WU-E  |a Wa  |a WaU  |a WvU  |a WyU 
853 2 0 |8 1  |a v.  |b no.  |u 12  |v r  |i (year)  |j (month)  |w m 
856 4 0 |z Full text available from Research Library: 01/01/1992 to present  |u https://search.proquest.com/publication/41387 
863 4 1 |8 1.1  |a <41>  |b <1>  |i <2000>  |j <01>